000 00571nam a2200169Ia 4500
008 220216s9999 xx 000 0 und d
100 _aHirahara H
245 0 _aDirect adhesion between rubbers and nickel plantings during curing using triazine thiols system
260 _bInternational Rubber Conference 1997. Rubber Science and Technology: Improving Quality of Life, Kuala Lumpur, Malaysia 6-9 Oct 1997; p1037-1040
650 _aAdhesion
650 _aCuring
700 _aMori K
700 _aOmura S H
700 _aOshi Y
700 _aSasaki Y
942 _cJS
999 _c57218
_d57218